Countries by highest summit - Statistics

General Stats
  • This quiz has been taken 46 times
    34 since last reset
  • The average score is 48 of 188
Answer Stats
Indication Country Elevation in Metres % Correct
Aconcagua Argentina 6960
90%
Mount Everest China 8848
87%
Mount Everest Nepal 8848
87%
K2 Pakistan 8611
87%
Mont Blanc France 4810
83%
Mount Olympus Greece 2919
83%
Mount Fuji Japan 3776
83%
Mount Kenya Kenya 5199
83%
Kilimanjaro/Kibo Tanzania 5892
80%
Denali United States 6190.5
80%
Mount Cameroon Cameroon 4040
77%
Mount Elbrus Russia 5642
77%
Pico de São Tomé Sao Tome and Principe 2024
73%
Mount Ararat Turkey 5137
67%
Vatican Hill Vatican 75
67%
Zugspitze Germany 2962
63%
Kangchenjunga India 8586
63%
Ben Nevis United Kingdom 1345
63%
Mount Logan Canada 5959
60%
Møllehøj Denmark 171
60%
Chimborazo Ecuador 6267
60%
Monte Bianco Italy 4810
60%
Grauspitz Liechtenstein 2599
60%
Galdhøpiggen Norway 2469
60%
Grossglockner Austria 3798
57%
Pico Cristóbal Colón/ Pico Simón Bolívar Colombia 5700
57%
Hvannadalshnúkur Iceland 2110
57%
Aoraki New Zealand 3724
57%
Morne Seychellois Seychelles 905
57%
Gangkhar Puensum Bhutan 7570
53%
Ojos del Salado Chile 6893
53%
Phnom Aural Cambodia 1810
50%
Huascaran Peru 6768
50%
Volcán Citlaltépetl Mexico 5636
47%
Dufourspitze Switzerland 4634
47%
Ismoil Somoni Peak Tajikistan 7495
47%
Noshakh Afghanistan 7492
43%
Mount Olympus Cyprus 1951
43%
Puncak Jaya Indonesia 4884
43%
Pico Bolivar Venezuela 4978
43%
Jengish Chokusu Kyrgyzstan 7439
40%
Gerlachovský štít Slovakia 2655
40%
Mount Kosciuszko Australia 2228
37%
Sněžka Czech Republic 1603
37%
Mount Stanley/Magherita Peak Democratic Republic of the Congo 5109
37%
Volcán Tajumulco Guatemala 4220
37%
Khan Tengri Kazakhstan 7010
37%
Aukštojas Hill Lithuania 294
37%
Teide Spain 3718
37%
Yu Shan Taiwan 3952
37%
Mount Villingili Maldives 5
33%
Jbel Toubkal Morocco 4165
33%
Monte Titano San Marino 755
33%
Mount Stanley/Margherita Peak Uganda 5109
33%
Cerro Catedral Uruguay 514
33%
Dzyarzhynskaya Hara Belarus 346
30%
Damavand Iran 5610
30%
Mount Meron/Mount Hermon Israel 1208
30%
Bălănești Hill Moldova 430
30%
Triglav Slovenia 2864
30%
Mount Bazardüzü Azerbaijan 4485
27%
Cerro Chirripó Costa Rica 3820
27%
Mount Ngerchelchuus Palau 242
27%
Mount Wilhelm Papua New Guinea 4509
27%
Qurayn Abu al Bawl Qatar 103
27%
Jabal Sawda Saudi Arabia 3000
27%
Jabal An-Nabi Shu'ayb Yemen 3666
27%
Mount Aragats Armenia 4090
23%
Maglić Bosnia and Herzegovina 2329
23%
Bukit Pagon Brunei 1850
23%
Cerro El Pital El Salvador 2730
23%
Cerro Las Minas Honduras 2870
23%
Kékes Hungary 1014
23%
Carrauntoohil Ireland 1038
23%
Gunung Kinabalu Malaysia 4095
23%
Paektu-san North Korea 2744
23%
Jabal Shams Oman 3009
23%
Montanha do Pico Portugal 2351
23%
Moldoveanu Romania 2544
23%
Jabal al Jais United Arab Emirates 1910
23%
Khazret Sultan Uzbekistan 4643
23%
Sajama Bolivia 6542
20%
Dinari Croatia 1831
20%
Suur Munamägi Estonia 318
20%
Halti Finland 1324
20%
Blue Mountain Peak Jamaica 2256
20%
Jabal Umm ad Dami Jordan 1854
20%
Khüiten Peak Mongolia 4374
20%
Hkakabo Razi Myanmar 5581
20%
Cerro Peró Paraguay 842
20%
Halla-san South Korea 1950
20%
Kebnekaise Sweden 2097
20%
Jabal el Sheikh Syria 2814
20%
Jebel ech Chambi Tunisia 1544
20%
Signal de Botrange Belgium 694
17%
Doyle's Delight Belize 1124
17%
Pico de Neblina Brazil 2995
17%
Shkhara Georgia 5201
17%
Kneiff Luxembourg 560
17%
Königstein Namibia 2573
17%
Volcán Barú Panam 3475
17%
Rysi Poland 2499
17%
La Soufrière Saint Vincent and the Grenadines 1484
17%
Korab Albania 2764
13%
Musala Bulgaria 2925
13%
Picu Duarte Dominican Republic 3098
13%
Mount Roraima Guyana 2772
13%
Pic la Selle Haiti 2680
13%
Piton de la Petite Rivière Noire Mauritius 828
13%
Command Ridge Nauru 71
13%
Golem Korab North Macedonia 2764
13%
Bukit Timah Hill Singapore 164
13%
Mafadi South Africa 1234
13%
Como Pedrosa Andorra 2942
10%
Boggy Peak Antigua and Barbuda 402
10%
Saka Haphong Bangladesh 1052
10%
Emi Koussi Chad 3445
10%
Pico Turquino Cuba 1974
10%
Emba Soira Eritrea 3018
10%
Ras Dejen Ethiopia 4550
10%
Mont Nimba Guinea 1752
10%
Mont Nimba Ivory Coast 1752
10%
Phou Bia Laos 2817
10%
Gaizinkalns Latvia 312
10%
Zla Kolata Montenegro 2534
10%
Mount Apo Philippines 2954
10%
Mount Karisimbi Rwanda 4507
10%
Aýrybaba Turkmenistan 3139
10%
Fan Si Pan Vietnam 3143
10%
Mount Tahat Algeria 3003
7%
Mount Moco Angola 2620
7%
Mountain of Smoke Bahrain 122
7%
Mount Hillaby Barbados 336
7%
Mont Sokbaro Benin 658
7%
Otse Hill Botswana 1491
7%
Mount Tenakourou Burkina Faso 749
7%
Mount Heha Burundi 2684
7%
Mont Ngaoui Central African Republic 1420
7%
Mount Karthala Comoros 2360
7%
Mousa Ali Djibouti 2028
7%
Morne Diablotins Dominica 1447
7%
Mount Catherine Egypt 2629
7%
Emlembe Eswatini 1826
7%
Tomanivi Fiji 1324
7%
Cheekha Dar Iraq 3611
7%
Velika Rudoka Kosovo 2660
7%
Qurnat as Sawda Lebanon 3088
7%
Thabana Ntlenyana Lesotho 3482
7%
Bikku Bitti Libya 2267
7%
Maromokotro Madagascar 2386
7%
Hombori Tondo Mali 1155
7%
Ta'Dmejrek Malta 253
7%
Kediet ej Jill Mauritania 915
7%
Mount Scenery Netherlands 887
7%
Mogotón Nicaragua 2107
7%
Mont Idoukal-n-Taghès Niger 2022
7%
Chappal Waddi Nigeria 2419
7%
Mont Nabemba Republic of the Congo 1020
7%
Deriba Caldera Sudan 3042
7%
Juliana Top Suriname 1230
7%
Doi Inthanon Thailand 2565
7%
El Cerro del Aripo Trinidad and Tobago 940
7%
Hoverta Ukraine 2061
7%
Mafinga Central Zambia 3450
7%
Mount Alvernia Bahamas 63
3%
Pico de Fogo Cap Verde 2829
3%
Pico Basile Equatorial Guinea 3008
3%
Mont Bengoué Gabon 1070
3%
Mount Afadjato Ghana 880
3%
Mount Saint Catherine Grenada 840
3%
Mutla Ridge Kuwait 306
3%
Monte Binga Mozambique 2436
3%
Mount Liamuiga Saint Kitts and Nevis 1156
3%
Mount Gimie Saint Lucia 950
3%
Mauga Silisili Samoa 1857
3%
Mount Bintumani Sierra Leone 1948
3%
Mount Popomanaseu Solomon Islands 2335
3%
Shimbiris Somalia 2450
3%
Kinveti South Sudan 3187
3%
Mont Agou Togo 986
3%
Mount Wuteve Liberia 1440
0%
Mount Mulanie Malawi 3002
0%
Nanlaud Micronesia 782
0%
Rudoka Serbia 2169
0%
Pidurutalagala Sri Lanka 2524
0%
Mount Ramelau Timor-Leste 2963
0%
Mount Tabwemasana Vanuatu 1877
0%
Mount Nyangani Zimbabwe 2592
0%
No matching quizzes found
Score Distribution
Percent of People with Each Score
Percentile by Number Answered
Your Score History
You have not taken this quiz since the last reset